00938nam a2200301 a 450000500170000000800410001704000270005804100080008504400080009308200180010110000270011924501500014626000400029630000350033665000100037165000360038165000160041765000180043365000170045165000280046866200210049670000230051770000200054070000170056070000170057770000220059470000200061620200104041521.0140227t1999 txud gr|||| 00| 0 eng d aCO-BoIAVH cCO-BoIAVH  aspa axxu04a333.72 bU38c1 aParrish, Jeffrey David13aEl Cacao como cultivo y herramienta de conservación en América Latinabfrente a las necesidades del agricultor y de la biodiversidad forestal aArlingtonbNature Conservancyc1999 a44 p.bGraficos. ;c27 x 21 cm 4aCacao 4aConservación de biodiversidad 4aAgricultura 6aBiodiversidad 6aNeotrópico 6aIncentivos económicos cAmérica Latina1 aGreenberg, Russell1 aSkerl, Kevin L.1 aMack, Robert1 aLynch, James1 aMcLarney, William1 aReitsma, Robert